<?xml version="1.0" encoding="UTF-8"?>
<record
    xmlns:xsi="http://www.w3.org/2001/XMLSchema-instance"
    xsi:schemaLocation="http://www.loc.gov/MARC21/slim http://www.loc.gov/standards/marcxml/schema/MARC21slim.xsd"
    xmlns="http://www.loc.gov/MARC21/slim">

  <leader>01333nam a22002777a 4500</leader>
  <controlfield tag="005">2010101908158.0</controlfield>
  <controlfield tag="008">101019t        xxu||||| |||| 00| 0 hin d</controlfield>
  <datafield tag="010" ind1=" " ind2=" ">
    <subfield code="a">HIN-96230</subfield>
  </datafield>
  <datafield tag="020" ind1=" " ind2=" ">
    <subfield code="c">400.00</subfield>
    <subfield code="a">9788173096266</subfield>
  </datafield>
  <datafield tag="035" ind1=" " ind2=" ">
    <subfield code="a">HN-68576</subfield>
  </datafield>
  <datafield tag="037" ind1=" " ind2=" ">
    <subfield code="b">DBAD / PUB</subfield>
  </datafield>
  <datafield tag="040" ind1=" " ind2=" ">
    <subfield code="a">DPL</subfield>
    <subfield code="b">HN</subfield>
  </datafield>
  <datafield tag="082" ind1=" " ind2=" ">
    <subfield code="a">808.88</subfield>
  </datafield>
  <datafield tag="100" ind1=" " ind2=" ">
    <subfield code="9">23632</subfield>
  </datafield>
  <datafield tag="245" ind1=" " ind2=" ">
    <subfield code="a">&#x936;&#x94D;&#x930;&#x940; &#x930;&#x92E;&#x923; &#x92E;&#x939;&#x930;&#x94D;&#x937;&#x93F; :</subfield>
    <subfield code="c">&#x932;&#x915;&#x94D;&#x937;&#x94D;&#x92E;&#x940; &#x928;&#x93E;&#x930;&#x93E;&#x92F;&#x923; &#x926;&#x94D;&#x935;&#x93E;&#x930;&#x93E; &#x938;&#x902;&#x92A;&#x93E;&#x926;&#x93F;&#x924;</subfield>
    <subfield code="b">120 &#x935;&#x94D;&#x92F;&#x915;&#x94D;&#x924;&#x93F;&#x92F;&#x94B;&#x902; &#x915;&#x947; &#x92A;&#x94D;&#x930;&#x92C;&#x94B;&#x927;&#x928;&#x915;&#x93E;&#x930;&#x940;,&#x92A;&#x94D;&#x930;&#x947;&#x930;&#x923;&#x93E;&#x926;&#x93E;&#x92F;&#x915; &#x938;&#x902;&#x938;&#x94D;&#x92E;&#x930;&#x923; /</subfield>
  </datafield>
  <datafield tag="260" ind1=" " ind2=" ">
    <subfield code="a">&#x928;&#x92F;&#x940; &#x926;&#x93F;&#x932;&#x94D;&#x932;&#x940;</subfield>
    <subfield code="b">&#x938;&#x938;&#x94D;&#x924;&#x93E; &#x938;&#x93E;&#x939;&#x93F;&#x924;&#x94D;&#x92F;</subfield>
    <subfield code="c">2012</subfield>
  </datafield>
  <datafield tag="270" ind1=" " ind2=" ">
    <subfield code="b">&#x928;&#x92F;&#x940; &#x926;&#x93F;&#x932;&#x94D;&#x932;&#x940;</subfield>
    <subfield code="a">&#x90F;&#x928;-77,&#x92A;&#x939;&#x932;&#x940; &#x92E;&#x902;&#x91C;&#x93F;&#x932; &#x915;&#x928;&#x949;&#x91F; &#x938;&#x930;&#x94D;&#x915;&#x938;</subfield>
    <subfield code="e">110001</subfield>
    <subfield code="k">23310505, 41523565</subfield>
    <subfield code="m">www.sastasahityamandal.org,</subfield>
  </datafield>
  <datafield tag="300" ind1="1" ind2=" ">
    <subfield code="a">240&#x92A;&#x943;.</subfield>
    <subfield code="c">22&#x938;&#x947;&#x92E;&#x940; (&#x938;&#x91C;&#x93F;&#x932;&#x94D;&#x926;)</subfield>
  </datafield>
  <datafield tag="650" ind1=" " ind2=" ">
    <subfield code="9">657</subfield>
  </datafield>
  <datafield tag="650" ind1=" " ind2=" ">
    <subfield code="9">34273</subfield>
  </datafield>
  <datafield tag="700" ind1=" " ind2=" ">
    <subfield code="a">&#x932;&#x915;&#x94D;&#x937;&#x94D;&#x92E;&#x940; &#x928;&#x93E;&#x930;&#x93E;&#x92F;&#x923;</subfield>
    <subfield code="9">48690</subfield>
  </datafield>
  <datafield tag="710" ind1=" " ind2=" ">
    <subfield code="9">34811</subfield>
    <subfield code="a">&#x924;&#x93F;&#x935;&#x93E;&#x930;&#x940;,&#x91B;&#x93E;&#x92F;&#x93E;</subfield>
  </datafield>
  <datafield tag="710" ind1=" " ind2=" ">
    <subfield code="9">35049</subfield>
  </datafield>
  <datafield tag="942" ind1=" " ind2=" ">
    <subfield code="2">ddc</subfield>
    <subfield code="c">HN</subfield>
    <subfield code="m">&#x930;&#x92E;&#x923;</subfield>
    <subfield code="h">808.88</subfield>
  </datafield>
  <datafield tag="999" ind1=" " ind2=" ">
    <subfield code="c">67683</subfield>
    <subfield code="d">67683</subfield>
  </datafield>
  <datafield tag="952" ind1=" " ind2=" ">
    <subfield code="0">0</subfield>
    <subfield code="1">0</subfield>
    <subfield code="2">ddc</subfield>
    <subfield code="4">0</subfield>
    <subfield code="7">1</subfield>
    <subfield code="8">NFIC</subfield>
    <subfield code="a">DBAD</subfield>
    <subfield code="b">DBAD</subfield>
    <subfield code="d">2012-06-08</subfield>
    <subfield code="e">DBAB/PUB</subfield>
    <subfield code="g">400.00</subfield>
    <subfield code="l">0</subfield>
    <subfield code="o">808.88 &#x930;&#x92E;&#x923;</subfield>
    <subfield code="p">HN-68576</subfield>
    <subfield code="r">2012-06-08 00:00:00</subfield>
    <subfield code="t">1</subfield>
    <subfield code="v">400.00</subfield>
    <subfield code="w">2012-06-08</subfield>
    <subfield code="y">HN</subfield>
  </datafield>
</record>
